Statistics for Star Wars Battlefront Hero Quiz

Click here to take the quiz!

General Stats

  • This quiz has been taken 12 times
  • The average score is 11 of 14

Answer Stats

HeroAllianceDebut% Correct
Luke SkywalkerRebel AllianceBase Game
100%
Han SoloRebel AllianceBase Game
100%
Princess LeiaRebel AllianceBase Game
100%
Darth VaderGalactic EmpireBase Game
100%
Emperor PalpatineGalactic EmpireBase Game
100%
Boba FettGalactic EmpireBase Game
78%
Lando CalrissianRebel AllianceBespin
78%
DengarGalactic EmpireBespin
78%
ChewbaccaRebel AllianceDeath Star
78%
BosskGalactic EmpireDeath Star
78%
Jyn ErsoRebel AllianceRogue One: Scarif
78%
GreedoGalactic EmpireOuter Rim
67%
Nien NunbRebel AllianceOuter Rim
56%
Director KrennicGalactic EmpireRogue One: Scarif
56%

Score Distribution

Percentile by Number Answered

Percent of People with Each Score

Your Score History

You have not taken this quiz